Pred Priorom snežienky či kapre, obďaleč rýchločistiareň. Niektoré vône nás vrátia v čase

Bibliographic Details
Main Author: Kolcun, Milan, 1969- (Author)
Format: Article
Language:Slovak
PhysicalDescription:Fotografie
ISSN:1336-5320
Subjects:

MARC

LEADER 00000nab a2200000u 4500
001 vtls012065202
003 SK-MaSNL
005 20260304034551.0
008 210811|2021 xo ||||||| ||00 ||slo|
038 |a KEVKJB 
040 |a KEVKJB  |b slo  |e rda 
041 0 |a slo 
043 |a e-xo--- 
044 |a xo  |c SK 
072 7 |a 911  |x Všeobecná geografia. Systematická geografia  |2 konspekt 
080 |a 911.375(091)  |2 2011 
100 1 |a Kolcun, Milan,  |d 1969-  |4 aut  |9 105317 
245 1 0 |a Pred Priorom snežienky či kapre, obďaleč rýchločistiareň. Niektoré vône nás vrátia v čase  |c Milan Kolcun 
300 |b Fotografie 
336 |a text  |b txt  |2 rdacontent 
337 |a bez média  |b n  |2 rdamedia 
338 |a zväzok  |b nc  |2 rdacarrier 
610 2 7 |a Prior Košice (Slovensko)  |2 kevkjb  |9 881937 
650 0 7 |a dejiny miest  |2 SNKPH  |9 164833 
651 7 |a Košice (Slovensko)  |2 SNKPHgeo  |9 18694 
651 7 |a Hlavná ulica (Košice, Slovensko)  |2 SNKPHgeo  |9 29594 
773 0 |t Košický večer  |g Roč. 54, č. 29 (2021), s. 11  |x 1336-5320 
852 |a KEVKJB  |b KIS3GCP 
999 |c 2653786  |d 2655716